Kinevezések a Szegedi Tudományegyetemre [rövid hír]
Elmentve itt :
| Dokumentumtípus: | Cikk |
|---|---|
| Megjelent: |
1961-09-03
|
| Sorozat: | Délmagyarország
|
| Kulcsszavak: | Ágoston György, Szauder József, Wittman Tibor, Hajdú Péter, Balogh János, Egyetemi kinevezések 1961 |
| Online Access: | http://dmarchiv.bibl.u-szeged.hu/36293 |
| LEADER | 00509nab a2200145 i 4500 | ||
|---|---|---|---|
| 001 | delm36293 | ||
| 005 | 20180927112827.0 | ||
| 008 | 180927s1961 hu o 0|| hun d | ||
| 040 | |a SZTE Délmagyarország Archívum |b hun | ||
| 041 | |a hun | ||
| 245 | 0 | 0 | |a Kinevezések a Szegedi Tudományegyetemre |h [elektronikus dokumentum] : |b [rövid hír] |
| 260 | |c 1961-09-03 | ||
| 300 | |a 5 | ||
| 490 | 0 | |a Délmagyarország | |
| 695 | |a Ágoston György, Szauder József, Wittman Tibor, Hajdú Péter, Balogh János, Egyetemi kinevezések 1961 | ||